000
00206 a2200097 4500
001
12653
100
_a
Sohail Afzal
245
_a
Manual of Cost Accounting
260
_a
_b
West Pak
_c
090
_c
9650
_d
9650
942
_a
NUST-CAE
_c
M
_c
36545
999
_c
247726
_d
247726